Analytická chémia

Bibliographic Details
Main Author: Salaš, Jiří, 1926-2012 (Author, Compiler)
Other Authors: Chrásteková, Libuša (Translator)
Format: Book
Language:Slovak
Czech
PhysicalDescription:389 strán grafy, ilustrácie, schémy, tabuľky 21 cm
Published: Martin Osveta 1988
Edition:1. vyd.
Series:Učebnice pre stredné zdravotnícke školy
Subjects:

MARC

LEADER 00000cam a2200000 a 4500
001 vtls001125148
003 SK-MaSNL
005 20260301104107.0
008 240226s1988 xo dal drnp 001 0 slo
015 |a SNBA1988 
020 |q (viazané) 
035 |a SNK000067997 
035 |a 88ED1A57-B4CE-4123-A634-29CF239523CC 
035 |a urn:nbn:sk:snk-am00iiym 
040 |a SNK  |b slo  |c SNK  |e AACR2 
041 1 |a slo  |h cze 
044 |a xo  |c SK 
072 7 |a 543  |x Analytická chémia  |2 konspekt 
072 7 |a 37.016  |x Učebné osnovy. Vyučovacie predmety. Učebnice  |2 konspekt 
080 |a 543  |2 2011 
080 |a (075.3)  |2 2011 
245 0 0 |a Analytická chémia  |c Jiří Salaš a kolektív ; [z českého originálu preložila Libuša Chrásteková] 
250 |a 1. vyd. 
260 |a Martin  |b Osveta  |c 1988 
300 |a 389 strán  |b grafy, ilustrácie, schémy, tabuľky  |c 21 cm 
366 |e 2000 kusov 
490 1 |a Učebnice pre stredné zdravotnícke školy 
500 |a Preložené z češtiny 
504 |a Register na strane 381-[390] 
650 0 7 |a analytická chémia  |2 SNKPH  |9 849 
655 7 |a učebnice stredných škôl  |2 SNKPH  |9 69323 
700 1 |a Salaš, Jiří,  |d 1926-2012  |4 aut  |4 com  |9 244574 
700 1 |a Chrásteková, Libuša  |4 trl  |9 276823 
830 0 |a Učebnice pre stredné zdravotnícke školy  |9 277008 
852 |a Slovenská národná knižnica 
954 |a odborná, vedecká literatúra cudzojazyčná (svetová)  |2 lita 
958 |a RK 
958 |a TL 
958 |a CZ 
958 |a OND 
958 |a OP 
958 |a UC 
958 |a NB 
999 |c 697231  |d 699161 
952 |a SNK  |b SNK  |y PREZ  |7 0  |p 17A0963471  |o snkSC 72479  |i snkKSP 8241/88  |0 0  |1 0  |4 0  |d 2012-09-21  |f 1  |l 0  |r 2025-07-28 00:00:00  |w 2026-02-23 
952 |t P60, <04>, [BOOK], {604}  |a SNK  |b SNK  |y VYP  |7 0  |p 17A0068661  |o snkSC 72479 D1  |0 0  |1 0  |4 0  |d 1997-05-27  |l 0  |r 2004-12-31 00:00:00  |w 2026-02-23